| 000 | 00488cam a22001337a 4500 | ||
|---|---|---|---|
| 008 | 180718b2004 xxu||||| |||| 00| 0 eng d | ||
| 100 | _aBuys, Piet | ||
| 245 |
_aThe economics of regional poverty-environment programs: an application for Lao People's Democratic Republic _cby Piet Buys...[et.al.] |
||
| 260 |
_aWashington, D.C. _bWorld Bank _c2004 |
||
| 300 | _a39p. | ||
| 440 | _aPolicy research working paper; no. 3267 | ||
| 650 | _aEnvironmental policy --Laos | ||
| 650 | _aPoverty --Laos | ||
| 999 |
_c290464 _d290464 |
||